Δοκίμιο περί ανθρώπινης βλακείας
Αποθηκεύτηκε σε:
| Κύριος συγγραφέας: | |
|---|---|
| Μορφή: | Βιβλίο |
| Γλώσσα: | Greek Italian |
| Δημοσίευση: |
Αθήνα :
Ελληνικά Γράμματα,
1997.
|
| Θέματα: | |
| Ετικέτες: |
Προσθήκη ετικέτας
Δεν υπάρχουν, Καταχωρήστε ετικέτα πρώτοι!
|
MARC
| LEADER | 00000cam a2200000 i 4500 | ||
|---|---|---|---|
| 001 | 1/70674 | ||
| 008 | 050302s1997 gr | ||| |||| ||gre|| | ||
| 020 | |a 9604066129 | ||
| 035 | |l 10076299 | ||
| 040 | |a GR-MyUa |b gre |e AACR2 | ||
| 041 | 1 | |a gre |h ita | |
| 082 | 7 | |a 854 |2 (22) | |
| 100 | 1 | |a Cipolla, Carlo M. | |
| 245 | 1 | 0 | |a Δοκίμιο περί ανθρώπινης βλακείας / |c Carlo M. Cipolla ; μετάφραση Καίτη Μάρακα. |
| 260 | |a Αθήνα : |b Ελληνικά Γράμματα, |c 1997. | ||
| 300 | |a 109 σ. ; |c 17 εκ. | ||
| 500 | |a Μετάφραση του: Allegro ma non troppo. | ||
| 650 | 0 | |a Italian essays. | |
| 650 | 0 | |a Stupidity |x Humor. | |
| 852 | |a INST |b SYROS |e 20050302 |h 854 CIP |p 005500005348 |q 005500005348 |t BK |y 0 | ||
| 901 | |a BIBL5-2005-2 | ||
| 922 | |a 5ΕΛΗ |b 200411 |c Βιβλιοθήκη Σύρου |d Πλάστιγγα | ||
| 950 | |a 188-2004-11-03 | ||
| 970 | |a Τσουκαλά |b Αλίκη |z 13/06/2005 | ||